Primi 15 paesi interessati da Covid-19 - 29 mar 2021 - Statistics

Statistiche generali
  • Questo quiz è stato fatto 23 volte
  • Il punteggio medio è 15 su 27
Statistiche sulle risposte
paese % Corretto
Italia
100%
Francia
95%
Germania
90%
Spagna
90%
Stati Uniti
90%
Regno Unito
85%
Russia
85%
Brasile
80%
India
80%
Argentina
75%
Messico
70%
Paesi Bassi
70%
Portogallo
65%
Svezia
65%
Belgio
60%
Colombia
50%
Polonia
45%
Turchia
35%
Iran
30%
Slovenia
25%
Israele
20%
Cechia
15%
Estonia
15%
Lituania
10%
Panama
5%
Bahrain
0%
Georgia
0%
Nessun quiz corrispondente trovato
Distribuzione punteggi
Percentuale di utenti per punteggio
Percentile per numero di risposta
I tuoi punteggi nel tempo
Non hai fatto questo quiz